Within Temptation albums - Statistics

General Stats
  • This quiz has been taken 39 times
    29 since last reset
  • The average score is 6 of 7
Answer Stats
Year Album % Correct
2000 Mother Earth
96%
2014 Hydra
83%
2019 Resist
83%
2007 The Heart of Everything
83%
1997 Enter
79%
2004 The Silent Force
79%
2011 The Unforgiving
79%
No matching quizzes found
Score Distribution
Percent of People with Each Score
Percentile by Number Answered
Your Score History
You have not taken this quiz since the last reset